{"text_format":"3","workbook":"xlsx","n_sheets":1,"sheets":["t198"],"read":"whole","date_system":"1900"}

{"sheet":"t198","index":0,"n_rows":195,"n_cols":7,"rows_kept":195,"merged":[[0,0,0,6],[28,0,28,5],[43,0,43,5],[165,0,165,5]]}
["TABELA 198.1 - Estatísticas Agrícolas, Município de Guaíra, Estado de São Paulo, 2016/17."]
["ITEM","UNIDADE","N.DE UPAs","MÍNIMO","MÉDIO","MÁXIMO","TOTAL"]
["Distância à sede do município","km",{"v":1076,"d":"1,076"},{"v":0,"d":"0.0"},{"v":14.04,"d":"14.0"},{"v":38,"d":"38.0"},"-"]
["Área total","hectare",{"v":1076,"d":"1,076"},0.5,{"v":107.79,"d":"107.8"},{"v":2323.2,"d":"2,323.2"},{"v":115980.5,"d":"115,980.5"}]
["Área com cultura perene","hectare",14,3.6,{"v":34.33,"d":"34.3"},263.7,480.6]
["Área com cultura temporária","hectare",955,{"v":1,"d":"1.0"},{"v":100.94,"d":"100.9"},{"v":1839.2,"d":"1,839.2"},{"v":96401.1,"d":"96,401.1"}]
["Área com pastagem","hectare",272,0.3,{"v":18,"d":"18.0"},610.9,{"v":4896.8,"d":"4,896.8"}]
["Área com reflorestamento","hectare",9,0.5,{"v":3.89,"d":"3.9"},14.5,{"v":35,"d":"35.0"}]
["Área com vegetação natural","hectare",617,0.1,{"v":13.78,"d":"13.8"},{"v":476,"d":"476.0"},{"v":8504.5,"d":"8,504.5"}]
["Área com vegetação de brejo e várzea","hectare",246,0.2,{"v":10.38,"d":"10.4"},189.8,{"v":2553.2,"d":"2,553.2"}]
["Área em descanso","hectare",22,0.3,{"v":6.25,"d":"6.3"},43.6,137.5]
["Área complementar","hectare",679,0.1,{"v":4.38,"d":"4.4"},{"v":121,"d":"121.0"},{"v":2971.8,"d":"2,971.8"}]
["Área das UPAs com (0, 1] ha","hectare",2,0.5,0.5,0.5,{"v":1,"d":"1.0"}]
["Área das UPAs com (1, 2] ha","hectare",16,1.1,1.7,{"v":2,"d":"2.0"},27.2]
["Área das UPAs com (2, 5] ha","hectare",66,2.1,3.5,{"v":5,"d":"5.0"},231.1]
["Área das UPAs com (5, 10] ha","hectare",69,5.2,{"v":7.92,"d":"7.9"},{"v":10,"d":"10.0"},546.5]
["Área das UPAs com (10, 20] ha","hectare",156,10.1,{"v":15.57,"d":"15.6"},19.9,{"v":2428.6,"d":"2,428.6"}]
["Área das UPAs com (20, 50] ha","hectare",273,20.1,33.5,{"v":50,"d":"50.0"},{"v":9145.2,"d":"9,145.2"}]
["Área das UPAs com (50, 100] ha","hectare",210,50.1,{"v":71.53,"d":"71.5"},99.7,{"v":15020.6,"d":"15,020.6"}]
["Área das UPAs com (100, 200] ha","hectare",134,100.4,{"v":143.19,"d":"143.2"},199.3,{"v":19187.4,"d":"19,187.4"}]
["Área das UPAs com (200, 500] ha","hectare",107,{"v":201,"d":"201.0"},{"v":316.78,"d":"316.8"},499.5,{"v":33895.2,"d":"33,895.2"}]
["Área das UPAs com (500, 1.000] ha","hectare",36,503.6,{"v":696.66,"d":"696.7"},998.8,{"v":25079.9,"d":"25,079.9"}]
["Área das UPAs com (1.000, 2.000] ha","hectare",5,{"v":1116.4,"d":"1,116.4"},{"v":1209.08,"d":"1,209.1"},{"v":1403.6,"d":"1,403.6"},{"v":6045.4,"d":"6,045.4"}]
["Área das UPAs com (2.000, 5.000] ha","hectare",2,{"v":2049.2,"d":"2,049.2"},{"v":2186.2,"d":"2,186.2"},{"v":2323.2,"d":"2,323.2"},{"v":4372.4,"d":"4,372.4"}]
["Área das UPAs com (5.000, 10.000] ha","hectare","-","-","-","-","-"]
["Área das UPAs acima de 10.000 ha","hectare","-","-","-","-","-"]
["Fonte: Secretaria de Agricultura e Abastecimento, CDRS/IEA, Projeto LUPA."]
[]
["TABELA 198.2 - Explorações Animais, Município de Guaíra, Estado de São Paulo, 2016/17."]
["ITEM","UNIDADE","N.DE UPAs","MÍNIMO","MÉDIO","MÁXIMO","TOTAL"]
["Asininos e muares","cabecas",3,{"v":1,"d":"1.0"},{"v":2.33,"d":"2.3"},{"v":3,"d":"3.0"},{"v":7,"d":"7.0"}]
["Avicultura para ovos","cabecas",1,{"v":30000,"d":"30,000.0"},{"v":30000,"d":"30,000.0"},{"v":30000,"d":"30,000.0"},{"v":30000,"d":"30,000.0"}]
["Bovinocultura de corte","cabecas",13,{"v":30,"d":"30.0"},{"v":477.85,"d":"477.9"},{"v":5000,"d":"5,000.0"},{"v":6212,"d":"6,212.0"}]
["Bovinocultura leiteira","cabecas",8,{"v":2,"d":"2.0"},{"v":54.88,"d":"54.9"},{"v":145,"d":"145.0"},{"v":439,"d":"439.0"}]
["Bovinocultura mista","cabecas",118,{"v":1,"d":"1.0"},{"v":53.11,"d":"53.1"},{"v":1069,"d":"1,069.0"},{"v":6267,"d":"6,267.0"}]
["Caprinocultura","cabecas",4,{"v":4,"d":"4.0"},{"v":11.25,"d":"11.3"},{"v":20,"d":"20.0"},{"v":45,"d":"45.0"}]
["Equinocultura","cabecas",74,{"v":1,"d":"1.0"},{"v":7.51,"d":"7.5"},{"v":210,"d":"210.0"},{"v":556,"d":"556.0"}]
["Ovinocultura","cabecas",7,{"v":3,"d":"3.0"},{"v":35.86,"d":"35.9"},{"v":150,"d":"150.0"},{"v":251,"d":"251.0"}]
["Piscicultura","m2 tanques",1,{"v":145,"d":"145.0"},{"v":145,"d":"145.0"},{"v":145,"d":"145.0"},{"v":145,"d":"145.0"}]
["Sericicultura","gramas larvas/ano",1,{"v":3,"d":"3.0"},{"v":3,"d":"3.0"},{"v":3,"d":"3.0"},{"v":3,"d":"3.0"}]
["Suinocultura","cabecas",9,{"v":3,"d":"3.0"},{"v":24.78,"d":"24.8"},{"v":100,"d":"100.0"},{"v":223,"d":"223.0"}]
["Fonte: Secretaria de Agricultura e Abastecimento, CDRS/IEA, Projeto LUPA."]
[]
["TABELA 198.3 -  Máquinas, Implementos e Benfeitorias, Município de Guaíra, Estado de São Paulo, 2016/17."]
["ITEM","UNIDADE","N.DE UPAs","MÍNIMO","MÉDIO","MÁXIMO","TOTAL"]
["Arado comum (bacia, aiveca)","unidade",91,{"v":1,"d":"1.0"},{"v":1.51,"d":"1.5"},{"v":19,"d":"19.0"},{"v":137,"d":"137.0"}]
["Arado escarificador","unidade",20,{"v":1,"d":"1.0"},{"v":1.25,"d":"1.3"},{"v":2,"d":"2.0"},{"v":25,"d":"25.0"}]
["Arado subsolador","unidade",63,{"v":1,"d":"1.0"},1.4,{"v":9,"d":"9.0"},{"v":88,"d":"88.0"}]
["Batedeira de cereais","unidade",8,{"v":1,"d":"1.0"},{"v":1,"d":"1.0"},{"v":1,"d":"1.0"},{"v":8,"d":"8.0"}]
["Camara fria","unidade",3,{"v":1,"d":"1.0"},{"v":2,"d":"2.0"},{"v":4,"d":"4.0"},{"v":6,"d":"6.0"}]
["Carregadeira de cana","unidade",12,{"v":1,"d":"1.0"},{"v":8.08,"d":"8.1"},{"v":46,"d":"46.0"},{"v":97,"d":"97.0"}]
["Carreta de trator","unidade",74,{"v":1,"d":"1.0"},{"v":1.81,"d":"1.8"},{"v":19,"d":"19.0"},{"v":134,"d":"134.0"}]
["Colhedeira acoplada","unidade",3,{"v":1,"d":"1.0"},{"v":1.67,"d":"1.7"},{"v":2,"d":"2.0"},{"v":5,"d":"5.0"}]
["Colhedeira automotriz","unidade",70,{"v":1,"d":"1.0"},{"v":2.23,"d":"2.2"},{"v":29,"d":"29.0"},{"v":156,"d":"156.0"}]
["Computador","unidade",8,{"v":1,"d":"1.0"},{"v":16.25,"d":"16.3"},{"v":70,"d":"70.0"},{"v":130,"d":"130.0"}]
["Conj.irrigacao autopropelido","unidade",5,{"v":1,"d":"1.0"},4.8,{"v":11,"d":"11.0"},{"v":24,"d":"24.0"}]
["Conj.irrigacao convencional","unidade",4,{"v":1,"d":"1.0"},{"v":1.25,"d":"1.3"},{"v":2,"d":"2.0"},{"v":5,"d":"5.0"}]
["Conj.irrigacao pivot central","unidade",159,{"v":1,"d":"1.0"},{"v":1.87,"d":"1.9"},{"v":8,"d":"8.0"},{"v":297,"d":"297.0"}]
["Conj.irrigacao/gotejamento/microaspersao","unidade",6,{"v":1,"d":"1.0"},{"v":1,"d":"1.0"},{"v":1,"d":"1.0"},{"v":6,"d":"6.0"}]
["Conjunto de fenacao","unidade",1,{"v":1,"d":"1.0"},{"v":1,"d":"1.0"},{"v":1,"d":"1.0"},{"v":1,"d":"1.0"}]
["Desintegrador de palha (plantio direto)","unidade",12,{"v":1,"d":"1.0"},{"v":1.08,"d":"1.1"},{"v":2,"d":"2.0"},{"v":13,"d":"13.0"}]
["Desintegrador, picador, triturador","unidade",119,{"v":1,"d":"1.0"},{"v":1.07,"d":"1.1"},{"v":3,"d":"3.0"},{"v":127,"d":"127.0"}]
["Distribuidor de calcario","unidade",75,{"v":1,"d":"1.0"},{"v":1.37,"d":"1.4"},{"v":16,"d":"16.0"},{"v":103,"d":"103.0"}]
["Embarcação","unidade",6,{"v":1,"d":"1.0"},{"v":1,"d":"1.0"},{"v":1,"d":"1.0"},{"v":6,"d":"6.0"}]
["Ensiladeira","unidade",34,{"v":1,"d":"1.0"},{"v":1.21,"d":"1.2"},{"v":6,"d":"6.0"},{"v":41,"d":"41.0"}]
["Grade aradora (tipo romi)","unidade",89,{"v":1,"d":"1.0"},{"v":1.98,"d":"2.0"},{"v":26,"d":"26.0"},{"v":176,"d":"176.0"}]
["Grade niveladora","unidade",114,{"v":1,"d":"1.0"},{"v":1.96,"d":"2.0"},{"v":31,"d":"31.0"},{"v":223,"d":"223.0"}]
["Implementos para tracao animal","unidade",2,{"v":1,"d":"1.0"},1.5,{"v":2,"d":"2.0"},{"v":3,"d":"3.0"}]
["Misturador de racao","unidade",13,{"v":1,"d":"1.0"},{"v":1,"d":"1.0"},{"v":1,"d":"1.0"},{"v":13,"d":"13.0"}]
["Mmicrotrator","unidade",2,{"v":1,"d":"1.0"},1.5,{"v":2,"d":"2.0"},{"v":3,"d":"3.0"}]
["Ordenhadeira mecanica","unidade",16,{"v":1,"d":"1.0"},{"v":1.25,"d":"1.3"},{"v":4,"d":"4.0"},{"v":20,"d":"20.0"}]
["Pulverizador tratorizado","unidade",135,{"v":1,"d":"1.0"},{"v":1.97,"d":"2.0"},{"v":23,"d":"23.0"},{"v":266,"d":"266.0"}]
["Resfriador de leite, tanque expansao","unidade",21,{"v":1,"d":"1.0"},{"v":1.05,"d":"1.1"},{"v":2,"d":"2.0"},{"v":22,"d":"22.0"}]
["Retroescavadeira","unidade",1,{"v":1,"d":"1.0"},{"v":1,"d":"1.0"},{"v":1,"d":"1.0"},{"v":1,"d":"1.0"}]
["Roçadeira costal","unidade",1,{"v":1,"d":"1.0"},{"v":1,"d":"1.0"},{"v":1,"d":"1.0"},{"v":1,"d":"1.0"}]
["Roçadeira tratorizada","unidade",3,{"v":1,"d":"1.0"},{"v":1.33,"d":"1.3"},{"v":2,"d":"2.0"},{"v":4,"d":"4.0"}]
["Roçadora","unidade",64,{"v":1,"d":"1.0"},{"v":1.11,"d":"1.1"},{"v":2,"d":"2.0"},{"v":71,"d":"71.0"}]
["Semeadeira/adubadeira para plantio convencional","unidade",45,{"v":1,"d":"1.0"},{"v":1.64,"d":"1.6"},{"v":6,"d":"6.0"},{"v":74,"d":"74.0"}]
["Semeadeira/plantadeira plantio direto","unidade",102,{"v":1,"d":"1.0"},{"v":2.05,"d":"2.1"},{"v":20,"d":"20.0"},{"v":209,"d":"209.0"}]
["Tanque rede","m3",4,{"v":1,"d":"1.0"},{"v":1.25,"d":"1.3"},{"v":2,"d":"2.0"},{"v":5,"d":"5.0"}]
["Tecnologias de gps para controle de máquinas","unidade",9,{"v":1,"d":"1.0"},{"v":1.22,"d":"1.2"},{"v":3,"d":"3.0"},{"v":11,"d":"11.0"}]
["Terraceador","unidade",29,{"v":1,"d":"1.0"},1.1,{"v":2,"d":"2.0"},{"v":32,"d":"32.0"}]
["Trator de esteiras","unidade",4,{"v":1,"d":"1.0"},{"v":9.75,"d":"9.8"},{"v":31,"d":"31.0"},{"v":39,"d":"39.0"}]
["Trator de pneus  acima de 85 cv","unidade",100,{"v":1,"d":"1.0"},{"v":5.25,"d":"5.3"},{"v":208,"d":"208.0"},{"v":525,"d":"525.0"}]
["Trator de pneus até 65 cv","unidade",73,{"v":1,"d":"1.0"},{"v":1.59,"d":"1.6"},{"v":16,"d":"16.0"},{"v":116,"d":"116.0"}]
["Trator de pneus de 66 cv a 85 cv","unidade",109,{"v":1,"d":"1.0"},{"v":2.35,"d":"2.4"},{"v":43,"d":"43.0"},{"v":256,"d":"256.0"}]
["Acude/represa","unidade",228,{"v":1,"d":"1.0"},{"v":1.39,"d":"1.4"},{"v":16,"d":"16.0"},{"v":318,"d":"318.0"}]
["Almoxarifado/oficina","unidade",46,{"v":1,"d":"1.0"},{"v":1.02,"d":"1.0"},{"v":2,"d":"2.0"},{"v":47,"d":"47.0"}]
["Armazem para graos ensacados","sacas",14]
["Balanca para bovinos","unidade",6,{"v":1,"d":"1.0"},{"v":1.17,"d":"1.2"},{"v":2,"d":"2.0"},{"v":7,"d":"7.0"}]
["Balanca para veiculos","unidade",15,{"v":1,"d":"1.0"},{"v":1.53,"d":"1.5"},{"v":6,"d":"6.0"},{"v":23,"d":"23.0"}]
["Barracao para bicho da seda/sirgaria","unidade",1,{"v":1,"d":"1.0"},{"v":1,"d":"1.0"},{"v":1,"d":"1.0"},{"v":1,"d":"1.0"}]
["Barracao para granja/avicultura","unidade",6,{"v":1,"d":"1.0"},{"v":1.33,"d":"1.3"},{"v":2,"d":"2.0"},{"v":8,"d":"8.0"}]
["Barracao/galpao/garagem","unidade",357,{"v":1,"d":"1.0"},{"v":1.23,"d":"1.2"},{"v":7,"d":"7.0"},{"v":440,"d":"440.0"}]
["Casa de moradia habitada","unidade",381,{"v":1,"d":"1.0"},{"v":1.39,"d":"1.4"},{"v":25,"d":"25.0"},{"v":530,"d":"530.0"}]
["Casa de moradia total","unidade",500,{"v":1,"d":"1.0"},1.9,{"v":19,"d":"19.0"},{"v":950,"d":"950.0"}]
["Curral/mangueira","unidade",233,{"v":1,"d":"1.0"},{"v":1.06,"d":"1.1"},{"v":9,"d":"9.0"},{"v":248,"d":"248.0"}]
["Deposito/tulha","unidade",56,{"v":1,"d":"1.0"},{"v":1.11,"d":"1.1"},{"v":6,"d":"6.0"},{"v":62,"d":"62.0"}]
["Estabulo","unidade",20,{"v":1,"d":"1.0"},{"v":1,"d":"1.0"},{"v":1,"d":"1.0"},{"v":20,"d":"20.0"}]
["Estacao/posto meteorologico","unidade",3,{"v":1,"d":"1.0"},{"v":1,"d":"1.0"},{"v":1,"d":"1.0"},{"v":3,"d":"3.0"}]
["Estufa/plasticultura","m2",2]
["Fabrica de racao","unidade",1,{"v":1,"d":"1.0"},{"v":1,"d":"1.0"},{"v":1,"d":"1.0"},{"v":1,"d":"1.0"}]
["Instalacoes para equinos","unidade",5,{"v":1,"d":"1.0"},1.2,{"v":2,"d":"2.0"},{"v":6,"d":"6.0"}]
["Maquina de beneficio","unidade",2,{"v":1,"d":"1.0"},{"v":1,"d":"1.0"},{"v":1,"d":"1.0"},{"v":2,"d":"2.0"}]
["Pocilga","unidade",16,{"v":1,"d":"1.0"},{"v":1.13,"d":"1.1"},{"v":3,"d":"3.0"},{"v":18,"d":"18.0"}]
["Poco semi-artesiano","unidade",83,{"v":1,"d":"1.0"},{"v":1.14,"d":"1.1"},{"v":4,"d":"4.0"},{"v":95,"d":"95.0"}]
["Secador de graos","unidade",5,{"v":1,"d":"1.0"},1.6,{"v":4,"d":"4.0"},{"v":8,"d":"8.0"}]
["Silo para graos","ton",9]
["Silo para silagem","ton",34]
["Terreiro","m2",2]
["Usina de acucar/destilaria","unidade",3,{"v":1,"d":"1.0"},{"v":1.33,"d":"1.3"},{"v":2,"d":"2.0"},{"v":4,"d":"4.0"}]
["Fonte: Secretaria de Agricultura e Abastecimento, CDRS/IEA, Projeto LUPA."]
[]
["TABELA 198.4 - Outras Estatísticas Agrícolas, Município de Guaíra, Estado de São Paulo, 2016/17."]
["ITEM","Número de UPAs",null,"Percentual"]
["Faz Parte de Associação de Produtores",57,null,{"v":5.297397769516729,"d":"5.3"}]
["Faz Parte de Cooperativa de Produtores",376,null,{"v":34.94423791821561,"d":"34.9"}]
["Faz Parte do Sindicato de Produtores",529,null,{"v":49.1635687732342,"d":"49.2"}]
["Não utiliza assistência técnica ",88,null,{"v":8.178438661710038,"d":"8.2"}]
["Utiliza somente assistência técnica governamental ",808,null,{"v":75.09293680297398,"d":"75.1"}]
["Utiliza somente assistência técnica privada ",49,null,{"v":4.553903345724907,"d":"4.6"}]
["Utiliza assistência técnica tanto governamental quanto privada",131,null,{"v":12.174721189591079,"d":"12.2"}]
["Utiliza Crédito Rural",353,null,{"v":32.806691449814124,"d":"32.8"}]
["Utiliza Seguro Rural",159,null,{"v":14.776951672862452,"d":"14.8"}]
["Utiliza Escrituração Agrícola",963,null,{"v":89.49814126394052,"d":"89.5"}]
["Acessa Internet p/ Fins na Agropecuária",134,null,{"v":12.453531598513012,"d":"12.5"}]
["Utiliza Computador nas Atividades Agropecuárias",134,null,{"v":12.453531598513012,"d":"12.5"}]
["Utiliza Energia Elétrica Para Uso na Atividade Agrícola",611,null,{"v":56.784386617100374,"d":"56.8"}]
["Utiliza Energia Alternativa",11,null,{"v":1.0223048327137547,"d":"1.0"}]
["Realiza Análise de Solo, quando necessário",{"v":1023,"d":"1,023"},null,{"v":95.07434944237919,"d":"95.1"}]
["Realiza Calagem",{"v":1011,"d":"1,011"},null,{"v":93.95910780669143,"d":"94.0"}]
["Utiliza Práticas de Conservação de Solo, quando necessário",{"v":1024,"d":"1,024"},null,{"v":95.16728624535315,"d":"95.2"}]
["Faz Adubação Mineral, quando necessário",968,null,{"v":89.9628252788104,"d":"90.0"}]
["Faz Adubação Orgânica, quando necessário",42,null,{"v":3.9033457249070636,"d":"3.9"}]
["Faz Adubação Verde, quando necessário",4,null,{"v":0.3717472118959108,"d":"0.4"}]
["Utiliza Manejo Integrado de Pragas (MIP)",7,null,{"v":0.6505576208178439,"d":"0.7"}]
["Utiliza Hidroponia",1,null,{"v":0.0929368029739777,"d":"0.1"}]
["Utiliza Cultivo em Estufa",2,null,{"v":0.1858736059479554,"d":"0.2"}]
["Utiliza Mudas Fiscalizadas",493,null,{"v":45.817843866171,"d":"45.8"}]
["Utiliza Semente Melhorada",529,null,{"v":49.1635687732342,"d":"49.2"}]
["Faz Confinamento de Bovinos",4,null,{"v":0.3717472118959108,"d":"0.4"}]
["Utiliza Pastejo Intensivo",2,null,{"v":0.1858736059479554,"d":"0.2"}]
["Faz Inseminação Artificial",5,null,{"v":0.4646840148698885,"d":"0.5"}]
["Faz Mineralização do Rebanho",94,null,{"v":8.736059479553903,"d":"8.7"}]
["Faz Vermifugação do Rebanho",93,null,{"v":8.643122676579926,"d":"8.6"}]
["Possui Parceiros /Arrendatários na Exploração Animal",20,null,{"v":1.858736059479554,"d":"1.9"}]
["Existência de trabalhadores c/ deficiência na UPA","-",null,"-"]
["Esporte e lazer",1,null,{"v":0.0929368029739777,"d":"0.1"}]
["Extração mineral","-",null,"-"]
["Hotel Fazenda, Pousada ou SPA","-",null,"-"]
["Pesque-pague",1,null,{"v":0.0929368029739777,"d":"0.1"}]
["Restaurante ou Lanchonete","-",null,"-"]
["Transformação artesanal","-",null,"-"]
["Turismo rural ou ecoturismo","-",null,"-"]
["Outras atividades econômicas rurais",1,null,{"v":0.0929368029739777,"d":"0.1"}]
["Agroindústria",1,null,{"v":0.0929368029739777,"d":"0.1"}]
["Proprietário sem instrução ou com instrução incompleta",40,null,{"v":3.717472118959108,"d":"3.7"}]
["Proprietário com antigo primário completo",206,null,{"v":19.144981412639403,"d":"19.1"}]
["Proprietário com 1° grau (ou antigo ginasial) completo",183,null,{"v":17.007434944237918,"d":"17.0"}]
["Proprietário com 2° grau (ou antigo colegial) completo",215,null,{"v":19.981412639405203,"d":"20.0"}]
["Proprietário com curso superior completo ",389,null,{"v":36.152416356877325,"d":"36.2"}]
["Pessoa Jurídica",43,null,{"v":3.996282527881041,"d":"4.0"}]
["Proprietário residente na própria UPA ",8,null,{"v":0.7434944237918216,"d":"0.7"}]
["Fonte: Secretaria de Agricultura e Abastecimento, CDRS/IEA, Projeto LUPA."]
[]
["TABELA 198.5 - Área Cultivada, Município de Guaíra, Estado de São Paulo, 2016/17."]
["CULTURA","N.DE UPAs","MÍNIMO","MÉDIO","MÁXIMO","TOTAL"]
["Cana-de-acucar finalidade industria",536,2.4,{"v":130.57,"d":"130.6"},{"v":1839.2,"d":"1,839.2"},{"v":69987.1,"d":"69,987.1"}]
["Soja",466,{"v":1,"d":"1.0"},{"v":56.42,"d":"56.4"},673.7,{"v":26292.6,"d":"26,292.6"}]
["Milho 2 safra",396,0.6,{"v":37.01,"d":"37.0"},673.7,{"v":14655.8,"d":"14,655.8"}]
["Milho safra",111,2.4,{"v":54.12,"d":"54.1"},{"v":379,"d":"379.0"},{"v":6007.6,"d":"6,007.6"}]
["Braquiaria",236,0.3,{"v":17.64,"d":"17.6"},{"v":600,"d":"600.0"},{"v":4163.6,"d":"4,163.6"}]
["Feijao",82,1.7,{"v":44.61,"d":"44.6"},{"v":209,"d":"209.0"},{"v":3658,"d":"3,658.0"}]
["Sorgo",19,2.4,{"v":47.63,"d":"47.6"},266.2,904.9]
["Coloniao",39,0.3,{"v":11.74,"d":"11.7"},68.2,457.7]
["Seringueira",11,6.6,{"v":40.27,"d":"40.3"},263.7,{"v":443,"d":"443.0"}]
["Tomate rasteiro",12,{"v":10,"d":"10.0"},{"v":35.14,"d":"35.1"},{"v":142,"d":"142.0"},421.7]
["Milho-doce(verde)",13,1.7,{"v":32.38,"d":"32.4"},96.8,{"v":421,"d":"421.0"}]
["Gramas",10,1.1,{"v":24.43,"d":"24.4"},59.2,244.3]
["Milheto",1,42.8,42.8,42.8,42.8]
["Goiaba",1,{"v":30,"d":"30.0"},{"v":30,"d":"30.0"},{"v":30,"d":"30.0"},{"v":30,"d":"30.0"}]
["Outras florestais",2,10.3,12.4,14.5,24.8]
["Outras gramineas para pastagem",1,22.8,22.8,22.8,22.8]
["Milho-silagem",4,2.5,{"v":4.68,"d":"4.7"},6.5,18.7]
["Fava (ou fava italiana)",1,{"v":15,"d":"15.0"},{"v":15,"d":"15.0"},{"v":15,"d":"15.0"},{"v":15,"d":"15.0"}]
["Eucalipto",7,0.5,{"v":1.46,"d":"1.5"},3.6,10.2]
["Limao",2,3.6,3.8,{"v":4,"d":"4.0"},7.6]
["Pimentao",1,7.3,7.3,7.3,7.3]
["Sorgo-forrageiro",1,7.2,7.2,7.2,7.2]
["Mandioca",2,2.4,3.2,{"v":4,"d":"4.0"},6.4]
["Alface",2,{"v":1,"d":"1.0"},{"v":1,"d":"1.0"},{"v":1,"d":"1.0"},{"v":2,"d":"2.0"}]
["Outras olericolas",1,1.4,1.4,1.4,1.4]
["Outras leguminosas para pastagem",1,1.2,1.2,1.2,1.2]
["Bucha",1,{"v":1,"d":"1.0"},{"v":1,"d":"1.0"},{"v":1,"d":"1.0"},{"v":1,"d":"1.0"}]
["Fonte: Secretaria de Agricultura e Abastecimento, CDRS/IEA, Projeto LUPA."]